000 00454nam a2200181Ia 4500
001 9748
005 20260306161741.0
008 260306t2012||||xx |||||||||||||| ||spa||
041 _aESP
082 _a410
_bV66
100 _aVillantoy Warthon, Alfredo
_eAUT
245 0 _aCuaderno de trabajo de introducción a la comunicación
260 _c2012
300 _a169 páginas :
_c30 cm.
650 _aGEN
654 _aCED
942 _cLIB
_dJUS
_fJUS
_2ddc
_n
999 _c9748
_d9748